000
00220nam a22000977a 4500
999
_c
261757
_d
261756
020
_a
9780385753845
100
_a
Jean Reagan
245
_a
How To Babysit A Grandma
260
_a
U.S.A
_b
Alfred A. Knope
_c
2014
942
_c
BK